00182nam a2200073Ia 4500082001200000245001900012100003600031008004100067 aAF SMIT 0aIn die visier  a SMITH, Bets Pretoria, 2002 210817s9999 xx 000 0 und d